000 00677nam a2200193 a 4500
001 000044987
005 20201002045803.0
008 150128s1998 dr a 000 0 spa d
040 _aDO-SdBNP
_bspa
_cBNPHU
082 _axxxx
_bxxxx
100 1 _aDumas, Alejandro,
_d1802-1870.
_91827
245 1 3 _aEl conde de montecristo /
_cAlejandro Dumas ; versión Montse Valbuena ; ilustración A. Centeno.
260 _aSanto Domingo :
_bAlfa & Omega,
_c1998.
300 _a143 p. :
_bil. ;
_c24 cm.
490 1 _aClásicos universales
500 _aIncluye datos biográficos del autor en la contracubierta
700 1 _aValbuena, Montse
_972997
830 0 _aClásicos universales
_9266
999 _c44476
_d44476